[Event "Irena Warakomska Memorial B"]
[Site "chessmanager.com"]
[Date "2018.08.04"]
[Round "5"]
[White "Dryja, Szymon"]
[Black "Tylenda, Krzysztof"]
[Result "0-1"]
[Board "21"]
[WhiteElo "1898"]
[WhiteCountry "POL"]
[WhiteFideId "1165160"]
[WhiteEloChange "-16"]
[BlackElo "1669"]
[BlackCountry "POL"]
[BlackFideId "1169165"]
[BlackEloChange "16"]

1. e4 {[%clk 1:30:30]} c5 {[%clk 1:30:30]} 2. Nf3 {[%clk 1:30:30]} Nc6 {[%clk
1:30:30]} 3. d4 {[%clk 1:30:30]} cxd4 {[%clk 1:30:30]} 4. Nxd4 {[%clk 1:30:30]}
g6 {[%clk 1:30:30]} 5. c4 {[%clk 1:30:30]} Bg7 {[%clk 1:30:30]} 6. Be3 {[%clk
1:30:30]} Nf6 {[%clk 1:30:30]} 7. Nc3 {[%clk 1:30:30]} Ng4 {[%clk 1:30:30]} 8.
Qxg4 {[%clk 1:30:30]} Nxd4 {[%clk 1:30:30]} 9. Qd1 {[%clk 1:30:30]} Ne6 {[%clk
1:30:30]} 10. Be2 {[%clk 1:30:30]} Qa5 {[%clk 1:30:30]} 11. O-O {[%clk 1:30:30]}
Bxc3 {[%clk 1:30:30]} 12. bxc3 {[%clk 1:30:30]} Qxc3 {[%clk 1:30:30]} 13. Rc1
{[%clk 1:30:30]} Qg7 {[%clk 1:30:30]} 14. f4 {[%clk 1:30:30]} O-O {[%clk
1:30:30]} 15. Rf3 {[%clk 1:30:30]} d6 {[%clk 1:30:30]} 16. f5 {[%clk 1:30:30]}
Nc5 {[%clk 1:30:30]} 17. Rh3 {[%clk 1:30:30]} Qe5 {[%clk 1:30:30]} 18. Rh4 {[%clk
1:30:30]} Qf6 {[%clk 1:30:30]} 19. g3 {[%clk 1:30:30]} gxf5 {[%clk 1:30:30]} 20.
e5 {[%clk 1:30:30]} Qxe5 {[%clk 1:30:30]} 21. Bd4 {[%clk 1:30:30]} Qe6 {[%clk
1:30:30]} 22. Bf3 {[%clk 1:30:30]} Qg6 {[%clk 1:30:30]} 23. Qd2 {[%clk 1:30:30]}
e5 {[%clk 1:30:30]} 24. Rh6 {[%clk 1:30:30]} Qg7 {[%clk 1:30:30]} 25. Rh5 {[%clk
1:30:30]} f6 {[%clk 1:30:30]} 26. Bd5+ {[%clk 1:30:30]} Kh8 {[%clk 1:30:30]} 27.
Be3 {[%clk 1:30:30]} f4 {[%clk 1:30:30]} 28. Bxc5 {[%clk 1:30:30]} dxc5 {[%clk
1:30:30]} 29. Kh1 {[%clk 1:30:30]} Bg4 {[%clk 1:30:30]} 30. Rh4 {[%clk 1:30:30]}
Rad8 {[%clk 1:30:30]} 31. Qf2 {[%clk 1:30:30]} fxg3 {[%clk 1:30:30]} 32. hxg3
{[%clk 1:30:30]} f5 {[%clk 1:30:30]} 33. Rg1 {[%clk 1:30:30]} e4 {[%clk 1:30:30]}
34. Kh2 {[%clk 1:30:30]} Rde8 {[%clk 1:30:30]} 35. Qe3 {[%clk 1:30:30]} Qd4
{[%clk 1:30:30]} 36. Qh6 {[%clk 1:30:30]} Re7 {[%clk 1:30:30]} 37. Qg5 {[%clk
1:30:30]} Rfe8 {[%clk 1:30:30]} 38. Qg6 {[%clk 1:30:30]} Qg7 {[%clk 1:30:30]} 39.
Qd6 {[%clk 1:30:30]} e3 {[%clk 1:30:30]} 40. Qxc5 {[%clk 1:30:30]} Qb2+ {[%clk
1:30:30]} 41. Kh1 {[%clk 1:30:30]} Qf2 {[%clk 1:30:30]} 42. Qd4+ {[%clk 1:30:30]}
Re5 {[%clk 1:30:30]} 43. Bxb7 {[%clk 1:30:30]} Qxg1+ {[%clk 1:30:30]} 44. Kxg1
{[%clk 1:30:30]} e2 {[%clk 1:30:30]} 45. Qd7 {[%clk 1:30:30]} e1Q+ {[%clk
1:30:30]} 46. Kh2 {[%clk 1:30:30]} Qf2+ {[%clk 1:30:30]} 47. Bg2 {[%clk 1:30:30]}
Qxg2+ {[%clk 1:30:30]} 0-1

[Event "Irena Warakomska Memorial B"]
[Site "chessmanager.com"]
[Date "2018.08.04"]
[Round "5"]
[White "Cap, Piotr"]
[Black "Blasiak, Miroslaw"]
[Result "1/2-1/2"]
[Board "22"]
[WhiteElo "1934"]
[WhiteCountry "POL"]
[WhiteFideId "21880530"]
[WhiteEloChange "-6"]
[BlackElo "1683"]
[BlackCountry "POL"]
[BlackFideId "1109324"]
[BlackEloChange "6"]

1. d4 {[%clk 1:30:30]} d5 {[%clk 1:30:30]} 2. Nf3 {[%clk 1:30:30]} Nf6 {[%clk
1:30:30]} 3. g3 {[%clk 1:30:30]} e6 {[%clk 1:30:30]} 4. Bg2 {[%clk 1:30:30]} c5
{[%clk 1:30:30]} 5. O-O {[%clk 1:30:30]} Nc6 {[%clk 1:30:30]} 6. c4 {[%clk
1:30:30]} Be7 {[%clk 1:30:30]} 7. cxd5 {[%clk 1:30:30]} exd5 {[%clk 1:30:30]} 8.
Nc3 {[%clk 1:30:30]} O-O {[%clk 1:30:30]} 9. Bg5 {[%clk 1:30:30]} cxd4 {[%clk
1:30:30]} 10. Nxd4 {[%clk 1:30:30]} h6 {[%clk 1:30:30]} 11. Bf4 {[%clk 1:30:30]}
Re8 {[%clk 1:30:30]} 12. Ndb5 {[%clk 1:30:30]} d4 {[%clk 1:30:30]} 13. Bxc6
{[%clk 1:30:30]} bxc6 {[%clk 1:30:30]} 14. Nxd4 {[%clk 1:30:30]} Qb6 {[%clk
1:30:30]} 15. Na4 {[%clk 1:30:30]} Qa6 {[%clk 1:30:30]} 16. Qc2 {[%clk 1:30:30]}
Bh3 {[%clk 1:30:30]} 17. Rfd1 {[%clk 1:30:30]} Rac8 {[%clk 1:30:30]} 18. Nc5
{[%clk 1:30:30]} Qa5 {[%clk 1:30:30]} 19. Ndb3 {[%clk 1:30:30]} Qb6 {[%clk
1:30:30]} 20. e4 {[%clk 1:30:30]} Red8 {[%clk 1:30:30]} 21. f3 {[%clk 1:30:30]}
h5 {[%clk 1:30:30]} 22. Be3 {[%clk 1:30:30]} Rxd1+ {[%clk 1:30:30]} 23. Rxd1
{[%clk 1:30:30]} Rd8 {[%clk 1:30:30]} 24. Rxd8+ {[%clk 1:30:30]} Qxd8 {[%clk
1:30:30]} 25. Nd3 {[%clk 1:30:30]} Qc7 {[%clk 1:30:30]} 26. Nf4 {[%clk 1:30:30]}
Bd7 {[%clk 1:30:30]} 27. Bd4 {[%clk 1:30:30]} h4 {[%clk 1:30:30]} 28. Nc5 {[%clk
1:30:30]} hxg3 {[%clk 1:30:30]} 29. hxg3 {[%clk 1:30:30]} Be8 {[%clk 1:30:30]}
30. Kg2 {[%clk 1:30:30]} Nh7 {[%clk 1:30:30]} 31. Nh5 {[%clk 1:30:30]} f6 {[%clk
1:30:30]} 32. Nf4 {[%clk 1:30:30]} Ng5 {[%clk 1:30:30]} 33. Ncd3 {[%clk 1:30:30]}
Bd6 {[%clk 1:30:30]} 34. Qc3 {[%clk 1:30:30]} Bf7 {[%clk 1:30:30]} 35. a3 {[%clk
1:30:30]} Ne6 {[%clk 1:30:30]} 36. Nxe6 {[%clk 1:30:30]} Bxe6 {[%clk 1:30:30]}
37. e5 {[%clk 1:30:30]} fxe5 {[%clk 1:30:30]} 38. Bxe5 {[%clk 1:30:30]} Bd5
{[%clk 1:30:30]} 39. Bxd6 {[%clk 1:30:30]} Qxd6 {[%clk 1:30:30]} 40. Nf4 {[%clk
1:30:30]} Bf7 {[%clk 1:30:30]} 41. b4 {[%clk 1:30:30]} Qd7 {[%clk 1:30:30]} 42.
a4 {[%clk 1:30:30]} Qd6 {[%clk 1:30:30]} 43. a5 {[%clk 1:30:30]} Qd7 {[%clk
1:30:30]} 44. Qd3 {[%clk 1:30:30]} Qe7 {[%clk 1:30:30]} 45. Qd4 {[%clk 1:30:30]}
Qc7 {[%clk 1:30:30]} 46. Nd3 {[%clk 1:30:30]} Bd5 {[%clk 1:30:30]} 47. Ne5 {[%clk
1:30:30]} Qd6 {[%clk 1:30:30]} 48. Qf4 {[%clk 1:30:30]} Qe7 {[%clk 1:30:30]} 49.
g4 {[%clk 1:30:30]} Qh4 {[%clk 1:30:30]} 50. Qf5 {[%clk 1:30:30]} Qe1 {[%clk
1:30:30]} 51. g5 {[%clk 1:30:30]} Qe2+ {[%clk 1:30:30]} 52. Kh3 {[%clk 1:30:30]}
Qf1+ {[%clk 1:30:30]} 53. Kg4 {[%clk 1:30:30]} Qg2+ {[%clk 1:30:30]} 54. Kf4
{[%clk 1:30:30]} Qd2+ {[%clk 1:30:30]} 55. Kg3 {[%clk 1:30:30]} Qe1+ {[%clk
1:30:30]} 56. Kh3 {[%clk 1:30:30]} Qh1+ {[%clk 1:30:30]} 57. Kg4 {[%clk 1:30:30]}
Qg2+ {[%clk 1:30:30]} 58. Kh5 {[%clk 1:30:30]} Qh2+ {[%clk 1:30:30]} 59. Kg4
{[%clk 1:30:30]} Qg2+ {[%clk 1:30:30]} 60. Kh4 {[%clk 1:30:30]} Qh2+ {[%clk
1:30:30]} 1/2-1/2

[Event "Irena Warakomska Memorial B"]
[Site "chessmanager.com"]
[Date "2018.08.04"]
[Round "5"]
[White "Pazdzior, Michal"]
[Black "Bartoszewicz, Marcin"]
[Result "0-1"]
[Board "24"]
[WhiteElo "1656"]
[WhiteCountry "POL"]
[WhiteFideId "1135872"]
[WhiteEloChange "-4"]
[BlackElo "1907"]
[BlackCountry "POL"]
[BlackFideId "1131966"]
[BlackEloChange "4"]

1. d4 {[%clk 1:30:30]} Nf6 {[%clk 1:30:30]} 2. c4 {[%clk 1:30:30]} g6 {[%clk
1:30:30]} 3. Nc3 {[%clk 1:30:30]} Bg7 {[%clk 1:30:30]} 4. e4 {[%clk 1:30:30]} O-O
{[%clk 1:30:30]} 5. Be2 {[%clk 1:30:30]} d6 {[%clk 1:30:30]} 6. Nf3 {[%clk
1:30:30]} e5 {[%clk 1:30:30]} 7. O-O {[%clk 1:30:30]} Nc6 {[%clk 1:30:30]} 8. d5
{[%clk 1:30:30]} Ne7 {[%clk 1:30:30]} 9. Ne1 {[%clk 1:30:30]} Nd7 {[%clk
1:30:30]} 10. f3 {[%clk 1:30:30]} f5 {[%clk 1:30:30]} 11. g4 {[%clk 1:30:30]} a5
{[%clk 1:30:30]} 12. Nd3 {[%clk 1:30:30]} b6 {[%clk 1:30:30]} 13. Be3 {[%clk
1:30:30]} Ba6 {[%clk 1:30:30]} 14. Nb5 {[%clk 1:30:30]} Nc5 {[%clk 1:30:30]} 15.
Nxc5 {[%clk 1:30:30]} dxc5 {[%clk 1:30:30]} 16. Qd2 {[%clk 1:30:30]} Nc8 {[%clk
1:30:30]} 17. a3 {[%clk 1:30:30]} Bxb5 {[%clk 1:30:30]} 18. cxb5 {[%clk 1:30:30]}
fxe4 {[%clk 1:30:30]} 19. fxe4 {[%clk 1:30:30]} Nd6 {[%clk 1:30:30]} 20. Qc2
{[%clk 1:30:30]} a4 {[%clk 1:30:30]} 21. Rxf8+ {[%clk 1:30:30]} Qxf8 {[%clk
1:30:30]} 22. Rf1 {[%clk 1:30:30]} Qe8 {[%clk 1:30:30]} 23. Bc4 {[%clk 1:30:30]}
Ra5 {[%clk 1:30:30]} 24. Bd2 {[%clk 1:30:30]} Ra8 {[%clk 1:30:30]} 25. Qd3 {[%clk
1:30:30]} Qd7 {[%clk 1:30:30]} 26. h3 {[%clk 1:30:30]} h6 {[%clk 1:30:30]} 27.
Kg2 {[%clk 1:30:30]} Kh7 {[%clk 1:30:30]} 28. Qe2 {[%clk 1:30:30]} Qe7 {[%clk
1:30:30]} 29. Bd3 {[%clk 1:30:30]} Bf6 {[%clk 1:30:30]} 30. Qf3 {[%clk 1:30:30]}
Bg5 {[%clk 1:30:30]} 31. Bxg5 {[%clk 1:30:30]} Qxg5 {[%clk 1:30:30]} 32. Rf2
{[%clk 1:30:30]} Kg7 {[%clk 1:30:30]} 33. Kg3 {[%clk 1:30:30]} Qe7 {[%clk
1:30:30]} 34. Qe2 {[%clk 1:30:30]} Ra5 {[%clk 1:30:30]} 35. h4 {[%clk 1:30:30]}
Ra8 {[%clk 1:30:30]} 36. Rf1 {[%clk 1:30:30]} g5 {[%clk 1:30:30]} 37. h5 {[%clk
1:30:30]} Rf8 {[%clk 1:30:30]} 38. Rxf8 {[%clk 1:30:30]} Qxf8 {[%clk 1:30:30]}
39. Qf3 {[%clk 1:30:30]} Qf4+ {[%clk 1:30:30]} 40. Qxf4 {[%clk 1:30:30]} exf4+
{[%clk 1:30:30]} 41. Kf3 {[%clk 1:30:30]} Kf6 {[%clk 1:30:30]} 42. Bc2 {[%clk
1:30:30]} Nxb5 {[%clk 1:30:30]} 43. Bxa4 {[%clk 1:30:30]} Nd4+ {[%clk 1:30:30]}
44. Kf2 {[%clk 1:30:30]} Ke5 {[%clk 1:30:30]} 0-1

[Event "Irena Warakomska Memorial B"]
[Site "chessmanager.com"]
[Date "2018.08.04"]
[Round "5"]
[White "Szalko, Maciej"]
[Black "Wielgus, Wojciech"]
[Result "1-0"]
[Board "25"]
[WhiteElo "1857"]
[WhiteCountry "POL"]
[WhiteFideId "1145614"]
[WhiteEloChange "5"]
[BlackElo "1652"]
[BlackCountry "POL"]
[BlackFideId "21853118"]
[BlackEloChange "-5"]

1. d4 {[%clk 1:30:30]} d5 {[%clk 1:30:30]} 2. c4 {[%clk 1:30:30]} e6 {[%clk
1:30:30]} 3. g3 {[%clk 1:30:30]} Nf6 {[%clk 1:30:30]} 4. Bg2 {[%clk 1:30:30]} c6
{[%clk 1:30:30]} 5. Qc2 {[%clk 1:30:30]} Be7 {[%clk 1:30:30]} 6. Nf3 {[%clk
1:30:30]} O-O {[%clk 1:30:30]} 7. O-O {[%clk 1:30:30]} Nbd7 {[%clk 1:30:30]} 8.
Nbd2 {[%clk 1:30:30]} Qc7 {[%clk 1:30:30]} 9. b3 {[%clk 1:30:30]} b6 {[%clk
1:30:30]} 10. Bb2 {[%clk 1:30:30]} Bb7 {[%clk 1:30:30]} 11. Rac1 {[%clk 1:30:30]}
Rac8 {[%clk 1:30:30]} 12. Rfd1 {[%clk 1:30:30]} Qb8 {[%clk 1:30:30]} 13. h3
{[%clk 1:30:30]} Rfd8 {[%clk 1:30:30]} 14. Nh2 {[%clk 1:30:30]} dxc4 {[%clk
1:30:30]} 15. Nxc4 {[%clk 1:30:30]} c5 {[%clk 1:30:30]} 16. Qb1 {[%clk 1:30:30]}
Bxg2 {[%clk 1:30:30]} 17. Kxg2 {[%clk 1:30:30]} cxd4 {[%clk 1:30:30]} 18. Bxd4
{[%clk 1:30:30]} Nc5 {[%clk 1:30:30]} 19. Nf3 {[%clk 1:30:30]} Qb7 {[%clk
1:30:30]} 20. Bxf6 {[%clk 1:30:30]} gxf6 {[%clk 1:30:30]} 21. Qb2 {[%clk
1:30:30]} Rd5 {[%clk 1:30:30]} 22. Ne3 {[%clk 1:30:30]} Rxd1 {[%clk 1:30:30]} 23.
Rxd1 {[%clk 1:30:30]} Nd7 {[%clk 1:30:30]} 24. Ng4 {[%clk 1:30:30]} Kg7 {[%clk
1:30:30]} 25. Qd2 {[%clk 1:30:30]} Rd8 {[%clk 1:30:30]} 26. Qh6+ {[%clk 1:30:30]}
Kg8 {[%clk 1:30:30]} 27. Kh2 {[%clk 1:30:30]} Qe4 {[%clk 1:30:30]} 28. Qh5 {[%clk
1:30:30]} Qg6 {[%clk 1:30:30]} 29. Qb5 {[%clk 1:30:30]} Nf8 {[%clk 1:30:30]} 30.
Rxd8 {[%clk 1:30:30]} Bxd8 {[%clk 1:30:30]} 31. Qe8 {[%clk 1:30:30]} Bc7 {[%clk
1:30:30]} 32. Qe7 {[%clk 1:30:30]} Be5 {[%clk 1:30:30]} 33. Qxa7 {[%clk 1:30:30]}
Qc2 {[%clk 1:30:30]} 34. Nh6+ {[%clk 1:30:30]} Kg7 {[%clk 1:30:30]} 35. Qxf7+
{[%clk 1:30:30]} Kxh6 {[%clk 1:30:30]} 36. Qxf8+ {[%clk 1:30:30]} Kh5 {[%clk
1:30:30]} 37. Qf7+ {[%clk 1:30:30]} Kh6 {[%clk 1:30:30]} 38. Nxe5 {[%clk
1:30:30]} fxe5 {[%clk 1:30:30]} 39. Qxe6+ {[%clk 1:30:30]} Kg7 {[%clk 1:30:30]}
40. Qxe5+ {[%clk 1:30:30]} Kf7 {[%clk 1:30:30]} 41. Qf4+ {[%clk 1:30:30]} Ke6
{[%clk 1:30:30]} 42. Qc4+ {[%clk 1:30:30]} Qxc4 {[%clk 1:30:30]} 43. bxc4 {[%clk
1:30:30]} Ke5 {[%clk 1:30:30]} 44. f4+ {[%clk 1:30:30]} Kd4 {[%clk 1:30:30]} 45.
f5 {[%clk 1:30:30]} Ke5 {[%clk 1:30:30]} 46. e4 {[%clk 1:30:30]} h5 {[%clk
1:30:30]} 47. g4 {[%clk 1:30:30]} h4 {[%clk 1:30:30]} 48. g5 {[%clk 1:30:30]} Kd4
{[%clk 1:30:30]} 49. g6 {[%clk 1:30:30]} Kc3 {[%clk 1:30:30]} 50. g7 {[%clk
1:30:30]} b5 {[%clk 1:30:30]} 51. c5 {[%clk 1:30:30]} b4 {[%clk 1:30:30]} 52. g8Q
{[%clk 1:30:30]} Kb2 {[%clk 1:30:30]} 53. Qb3+ {[%clk 1:30:30]} Ka1 {[%clk
1:30:30]} 54. a3 {[%clk 1:30:30]} bxa3 {[%clk 1:30:30]} 55. Qc2 {[%clk 1:30:30]}
a2 {[%clk 1:30:30]} 56. Qc1# {[%clk 1:30:30]} 1-0

[Event "Irena Warakomska Memorial B"]
[Site "chessmanager.com"]
[Date "2018.08.04"]
[Round "5"]
[White "Szczotka, Klara"]
[Black "Matuszczyk, Mateusz"]
[Result "0-1"]
[Board "26"]
[WhiteElo "1483"]
[WhiteCountry "POL"]
[WhiteFideId "21858845"]
[WhiteEloChange "-4"]
[BlackElo "1733"]
[BlackCountry "POL"]
[BlackFideId "21855463"]
[BlackEloChange "4"]

1. e4 {[%clk 1:30:30]} Nc6 {[%clk 1:30:30]} 2. Nf3 {[%clk 1:30:30]} e5 {[%clk
1:30:30]} 3. Bb5 {[%clk 1:30:30]} Bc5 {[%clk 1:30:30]} 4. c3 {[%clk 1:30:30]} f5
{[%clk 1:30:30]} 5. d3 {[%clk 1:30:30]} d6 {[%clk 1:30:30]} 6. Nbd2 {[%clk
1:30:30]} Nf6 {[%clk 1:30:30]} 7. Qe2 {[%clk 1:30:30]} O-O {[%clk 1:30:30]} 8.
O-O {[%clk 1:30:30]} Qe7 {[%clk 1:30:30]} 9. a4 {[%clk 1:30:30]} fxe4 {[%clk
1:30:30]} 10. dxe4 {[%clk 1:30:30]} a6 {[%clk 1:30:30]} 11. Bc4+ {[%clk 1:30:30]}
Kh8 {[%clk 1:30:30]} 12. b4 {[%clk 1:30:30]} Bb6 {[%clk 1:30:30]} 13. Bb2 {[%clk
1:30:30]} Nd8 {[%clk 1:30:30]} 14. Bb3 {[%clk 1:30:30]} Ne6 {[%clk 1:30:30]} 15.
Nc4 {[%clk 1:30:30]} Nf4 {[%clk 1:30:30]} 16. Qc2 {[%clk 1:30:30]} Ba7 {[%clk
1:30:30]} 17. Ne3 {[%clk 1:30:30]} Ng4 {[%clk 1:30:30]} 18. Rae1 {[%clk 1:30:30]}
Qf6 {[%clk 1:30:30]} 19. Qd1 {[%clk 1:30:30]} Qg6 {[%clk 1:30:30]} 20. g3 {[%clk
1:30:30]} Nh3+ {[%clk 1:30:30]} 21. Kg2 {[%clk 1:30:30]} Nhxf2 {[%clk 1:30:30]}
22. Rxf2 {[%clk 1:30:30]} Nxf2 {[%clk 1:30:30]} 23. Kxf2 {[%clk 1:30:30]} Bg4
{[%clk 1:30:30]} 24. Kg1 {[%clk 1:30:30]} Rxf3 {[%clk 1:30:30]} 25. Qd2 {[%clk
1:30:30]} Rxe3 {[%clk 1:30:30]} 26. Rxe3 {[%clk 1:30:30]} Qxe4 {[%clk 1:30:30]}
27. Kf2 {[%clk 1:30:30]} Rf8+ {[%clk 1:30:30]} 28. Ke1 {[%clk 1:30:30]} Qh1#
{[%clk 1:30:30]} 0-1

[Event "Irena Warakomska Memorial B"]
[Site "chessmanager.com"]
[Date "2018.08.04"]
[Round "5"]
[White "Wolagiewicz, Kinga"]
[Black "Furtak, Joanna"]
[Result "1/2-1/2"]
[Board "27"]
[WhiteElo "1611"]
[WhiteCountry "POL"]
[WhiteFideId "1195212"]
[WhiteEloChange "7"]
[BlackElo "1948"]
[BlackCountry "POL"]
[BlackFideId "21804842"]
[BlackEloChange "-7"]

1. e4 {[%clk 1:30:30]} c5 {[%clk 1:30:30]} 2. Nf3 {[%clk 1:30:30]} e6 {[%clk
1:30:30]} 3. d4 {[%clk 1:30:30]} cxd4 {[%clk 1:30:30]} 4. Nxd4 {[%clk 1:30:30]}
Nc6 {[%clk 1:30:30]} 5. Nxc6 {[%clk 1:30:30]} bxc6 {[%clk 1:30:30]} 6. Bd3 {[%clk
1:30:30]} e5 {[%clk 1:30:30]} 7. O-O {[%clk 1:30:30]} Nf6 {[%clk 1:30:30]} 8. Kh1
{[%clk 1:30:30]} Bc5 {[%clk 1:30:30]} 9. f4 {[%clk 1:30:30]} d6 {[%clk 1:30:30]}
10. fxe5 {[%clk 1:30:30]} dxe5 {[%clk 1:30:30]} 11. Bg5 {[%clk 1:30:30]} Be7
{[%clk 1:30:30]} 12. Nd2 {[%clk 1:30:30]} h6 {[%clk 1:30:30]} 13. Bh4 {[%clk
1:30:30]} O-O {[%clk 1:30:30]} 14. Nc4 {[%clk 1:30:30]} Nd7 {[%clk 1:30:30]} 15.
Bxe7 {[%clk 1:30:30]} Qxe7 {[%clk 1:30:30]} 16. Qh5 {[%clk 1:30:30]} Rb8 {[%clk
1:30:30]} 17. b3 {[%clk 1:30:30]} Kh7 {[%clk 1:30:30]} 18. Rad1 {[%clk 1:30:30]}
g6 {[%clk 1:30:30]} 19. Qf3 {[%clk 1:30:30]} Kg7 {[%clk 1:30:30]} 20. Be2 {[%clk
1:30:30]} Ba6 {[%clk 1:30:30]} 21. Rxd7 {[%clk 1:30:30]} Qxd7 {[%clk 1:30:30]}
22. Qf6+ {[%clk 1:30:30]} Kg8 {[%clk 1:30:30]} 23. Nxe5 {[%clk 1:30:30]} Qb7
{[%clk 1:30:30]} 24. Bxa6 {[%clk 1:30:30]} Qxa6 {[%clk 1:30:30]} 25. Nd7 {[%clk
1:30:30]} Qb7 {[%clk 1:30:30]} 26. Nxb8 {[%clk 1:30:30]} Rxb8 {[%clk 1:30:30]}
27. e5 {[%clk 1:30:30]} Re8 {[%clk 1:30:30]} 28. Rd1 {[%clk 1:30:30]} Qe7 {[%clk
1:30:30]} 29. Qxc6 {[%clk 1:30:30]} Qxe5 {[%clk 1:30:30]} 30. h3 {[%clk 1:30:30]}
Qe2 {[%clk 1:30:30]} 31. Qd7 {[%clk 1:30:30]} a5 {[%clk 1:30:30]} 32. Qd2 {[%clk
1:30:30]} Qh5 {[%clk 1:30:30]} 33. Re1 {[%clk 1:30:30]} Re5 {[%clk 1:30:30]} 34.
Rxe5 {[%clk 1:30:30]} Qxe5 {[%clk 1:30:30]} 35. a4 {[%clk 1:30:30]} h5 {[%clk
1:30:30]} 36. c3 {[%clk 1:30:30]} h4 {[%clk 1:30:30]} 37. Qd8+ {[%clk 1:30:30]}
Kg7 {[%clk 1:30:30]} 38. Qxh4 {[%clk 1:30:30]} Qxc3 {[%clk 1:30:30]} 39. Qc4
{[%clk 1:30:30]} Qe1+ {[%clk 1:30:30]} 40. Kh2 {[%clk 1:30:30]} g5 {[%clk
1:30:30]} 41. Qd4+ {[%clk 1:30:30]} f6 {[%clk 1:30:30]} 1/2-1/2

[Event "Irena Warakomska Memorial B"]
[Site "chessmanager.com"]
[Date "2018.08.04"]
[Round "5"]
[White "Paziak, Patryk"]
[Black "Choinska, Debora"]
[Result "1/2-1/2"]
[Board "28"]
[WhiteElo "1811"]
[WhiteCountry "POL"]
[WhiteFideId "1168185"]
[WhiteEloChange "-6"]
[BlackElo "1555"]
[BlackCountry "POL"]
[BlackFideId "1185144"]
[BlackEloChange "6"]

1. b4 {[%clk 1:30:30]} e5 {[%clk 1:30:30]} 2. a3 {[%clk 1:30:30]} d5 {[%clk
1:30:30]} 3. Bb2 {[%clk 1:30:30]} Nd7 {[%clk 1:30:30]} 4. e3 {[%clk 1:30:30]}
Ngf6 {[%clk 1:30:30]} 5. Nf3 {[%clk 1:30:30]} Bd6 {[%clk 1:30:30]} 6. Be2 {[%clk
1:30:30]} b6 {[%clk 1:30:30]} 7. d3 {[%clk 1:30:30]} c5 {[%clk 1:30:30]} 8. Nbd2
{[%clk 1:30:30]} Bb7 {[%clk 1:30:30]} 9. bxc5 {[%clk 1:30:30]} bxc5 {[%clk
1:30:30]} 10. O-O {[%clk 1:30:30]} O-O {[%clk 1:30:30]} 11. e4 {[%clk 1:30:30]}
Bc7 {[%clk 1:30:30]} 12. exd5 {[%clk 1:30:30]} Nxd5 {[%clk 1:30:30]} 13. Nc4
{[%clk 1:30:30]} Re8 {[%clk 1:30:30]} 14. Re1 {[%clk 1:30:30]} Nf4 {[%clk
1:30:30]} 15. Bf1 {[%clk 1:30:30]} Qf6 {[%clk 1:30:30]} 16. g3 {[%clk 1:30:30]}
Nxd3 {[%clk 1:30:30]} 17. Qxd3 {[%clk 1:30:30]} Qxf3 {[%clk 1:30:30]} 18. Qxf3
{[%clk 1:30:30]} Bxf3 {[%clk 1:30:30]} 19. Bh3 {[%clk 1:30:30]} Rad8 {[%clk
1:30:30]} 20. Re3 {[%clk 1:30:30]} Bd5 {[%clk 1:30:30]} 21. Bxd7 {[%clk 1:30:30]}
Rxd7 {[%clk 1:30:30]} 22. Nxe5 {[%clk 1:30:30]} Bxe5 {[%clk 1:30:30]} 23. Bxe5
{[%clk 1:30:30]} Be6 {[%clk 1:30:30]} 24. Bf4 {[%clk 1:30:30]} Red8 {[%clk
1:30:30]} 25. Rae1 {[%clk 1:30:30]} Rd2 {[%clk 1:30:30]} 26. Rxe6 {[%clk
1:30:30]} fxe6 {[%clk 1:30:30]} 27. Bxd2 {[%clk 1:30:30]} Rxd2 {[%clk 1:30:30]}
28. Rxe6 {[%clk 1:30:30]} Rxc2 {[%clk 1:30:30]} 29. Ra6 {[%clk 1:30:30]} c4
{[%clk 1:30:30]} 30. Rxa7 {[%clk 1:30:30]} Rc1+ {[%clk 1:30:30]} 31. Kg2 {[%clk
1:30:30]} c3 {[%clk 1:30:30]} 32. Rc7 {[%clk 1:30:30]} c2 {[%clk 1:30:30]} 33. a4
{[%clk 1:30:30]} Ra1 {[%clk 1:30:30]} 34. Rxc2 {[%clk 1:30:30]} Rxa4 {[%clk
1:30:30]} 35. Rc7 {[%clk 1:30:30]} Ra3 {[%clk 1:30:30]} 36. Rb7 {[%clk 1:30:30]}
h6 {[%clk 1:30:30]} 37. g4 {[%clk 1:30:30]} Ra6 {[%clk 1:30:30]} 38. Kg3 {[%clk
1:30:30]} Kh7 {[%clk 1:30:30]} 39. f3 {[%clk 1:30:30]} Kg6 {[%clk 1:30:30]} 40.
Rb5 {[%clk 1:30:30]} Kf6 {[%clk 1:30:30]} 41. h4 {[%clk 1:30:30]} g5 {[%clk
1:30:30]} 42. Rf5+ {[%clk 1:30:30]} Kg6 {[%clk 1:30:30]} 43. h5+ {[%clk 1:30:30]}
Kg7 {[%clk 1:30:30]} 44. Rd5 {[%clk 1:30:30]} Rb6 {[%clk 1:30:30]} 45. Kf2 {[%clk
1:30:30]} Re6 {[%clk 1:30:30]} 46. Rd7+ {[%clk 1:30:30]} Kg8 {[%clk 1:30:30]} 47.
Rd3 {[%clk 1:30:30]} Kf7 {[%clk 1:30:30]} 48. Re3 {[%clk 1:30:30]} Ra6 {[%clk
1:30:30]} 49. Ke2 {[%clk 1:30:30]} Ra2+ {[%clk 1:30:30]} 50. Kd3 {[%clk 1:30:30]}
Ra3+ {[%clk 1:30:30]} 51. Ke4 {[%clk 1:30:30]} Ra4+ {[%clk 1:30:30]} 52. Kf5
{[%clk 1:30:30]} Rf4+ {[%clk 1:30:30]} 53. Ke5 {[%clk 1:30:30]} Rf6 {[%clk
1:30:30]} 54. Rc3 {[%clk 1:30:30]} Re6+ {[%clk 1:30:30]} 55. Kd5 {[%clk 1:30:30]}
Rf6 {[%clk 1:30:30]} 56. Rc7+ {[%clk 1:30:30]} Kf8 {[%clk 1:30:30]} 57. Ke4
{[%clk 1:30:30]} Rf4+ {[%clk 1:30:30]} 58. Ke3 {[%clk 1:30:30]} Rf6 {[%clk
1:30:30]} 59. Rc4 {[%clk 1:30:30]} Kg7 {[%clk 1:30:30]} 60. Rc5 {[%clk 1:30:30]}
Ra6 {[%clk 1:30:30]} 61. Rc3 {[%clk 1:30:30]} Kf7 {[%clk 1:30:30]} 62. Rb3 {[%clk
1:30:30]} Rc6 {[%clk 1:30:30]} 63. Kd4 {[%clk 1:30:30]} Rd6+ {[%clk 1:30:30]} 64.
Ke4 {[%clk 1:30:30]} Re6+ {[%clk 1:30:30]} 65. Kd5 {[%clk 1:30:30]} Rf6 {[%clk
1:30:30]} 66. Rb7+ {[%clk 1:30:30]} Kg8 {[%clk 1:30:30]} 67. Rb8+ {[%clk
1:30:30]} Kg7 {[%clk 1:30:30]} 68. Rb7+ {[%clk 1:30:30]} Kg8 {[%clk 1:30:30]} 69.
Ke4 {[%clk 1:30:30]} Rf4+ {[%clk 1:30:30]} 70. Ke3 {[%clk 1:30:30]} Rf6 {[%clk
1:30:30]} 71. Re7 {[%clk 1:30:30]} Kf8 {[%clk 1:30:30]} 72. Re5 {[%clk 1:30:30]}
Kg7 {[%clk 1:30:30]} 73. Rf5 {[%clk 1:30:30]} Ra6 {[%clk 1:30:30]} 74. Kd4 {[%clk
1:30:30]} Rb6 {[%clk 1:30:30]} 75. Kc5 {[%clk 1:30:30]} Re6 {[%clk 1:30:30]} 76.
Rd5 {[%clk 1:30:30]} Rf6 {[%clk 1:30:30]} 77. Rd7+ {[%clk 1:30:30]} Kf8 {[%clk
1:30:30]} 78. Rd8+ {[%clk 1:30:30]} Kg7 {[%clk 1:30:30]} 79. Rd7+ {[%clk
1:30:30]} Kf8 {[%clk 1:30:30]} 80. Rd3 {[%clk 1:30:30]} Ke7 {[%clk 1:30:30]} 81.
Re3+ {[%clk 1:30:30]} Kf8 {[%clk 1:30:30]} 82. Ra3 {[%clk 1:30:30]} Kf7 {[%clk
1:30:30]} 83. Kd5 {[%clk 1:30:30]} Kg7 {[%clk 1:30:30]} 84. Ke5 {[%clk 1:30:30]}
Rf4 {[%clk 1:30:30]} 85. Ra7+ {[%clk 1:30:30]} Kg8 {[%clk 1:30:30]} 86. Ra6
{[%clk 1:30:30]} Kg7 {[%clk 1:30:30]} 87. Rg6+ {[%clk 1:30:30]} Kh7 {[%clk
1:30:30]} 88. Rf6 {[%clk 1:30:30]} Ra4 {[%clk 1:30:30]} 89. Re6 {[%clk 1:30:30]}
Rf4 {[%clk 1:30:30]} 90. Re7+ {[%clk 1:30:30]} Kg8 {[%clk 1:30:30]} 91. Re6
{[%clk 1:30:30]} Kg7 {[%clk 1:30:30]} 92. Rg6+ {[%clk 1:30:30]} Kh7 {[%clk
1:30:30]} 93. Rf6 {[%clk 1:30:30]} 1/2-1/2